header

White Fang (Record no. 263568)

MARC details
000 -LEADER
fixed length control field 00226nam a22000977a 4500
020 ## - INTERNATIONAL STANDARD BOOK NUMBER
ISBN 0766612104
100 ## - MAIN ENTRY--AUTHOR NAME
Personal name Jack London
245 ## - TITLE STATEMENT
Title White Fang
260 ## - PUBLICATION, DISTRIBUTION, ETC. (IMPRINT)
Place of publication New York
Name of publisher Atheneum Books for Young Readers
Year of publication 2000.
942 ## - ADDED ENTRY ELEMENTS (KOHA)
Koha item type Long Loan Books
Holdings
Withdrawn status Lost status Collection code Home library Current library Shelving location Date acquired Accession Number Koha item type
    Fiction Rongo University Library Rongo University Library Children's Area 07/05/2024 CL20211020 Long Loan Books

© 2026 Rongo University
Contact us: librarian | system librarian | Rongo university